<?xml version="1.0" encoding="UTF-8"?>
<record
    xmlns:xsi="http://www.w3.org/2001/XMLSchema-instance"
    xsi:schemaLocation="http://www.loc.gov/MARC21/slim http://www.loc.gov/standards/marcxml/schema/MARC21slim.xsd"
    xmlns="http://www.loc.gov/MARC21/slim">

  <leader>00887nam a2200229 a 4500</leader>
  <controlfield tag="001">BRCA_8213</controlfield>
  <controlfield tag="005">20190320210159.0</controlfield>
  <controlfield tag="008">160514d1911----mx-####f##---#000-0#spa-#</controlfield>
  <datafield tag="041" ind1=" " ind2=" ">
    <subfield code="a">spa</subfield>
  </datafield>
  <datafield tag="044" ind1=" " ind2=" ">
    <subfield code="a">mx</subfield>
  </datafield>
  <datafield tag="050" ind1=" " ind2="4">
    <subfield code="a">HJ15</subfield>
    <subfield code="b">.M46</subfield>
    <subfield code="c">1911</subfield>
  </datafield>
  <datafield tag="245" ind1="1" ind2="0">
    <subfield code="a">Memoria de la Secretar&#xED;a de Hacienda y Cr&#xE9;dito P&#xFA;blico correspondiente al a&#xF1;o econ&#xF3;mico del 1&#xBA; de julio de 1910 a 30 de junio de 1911</subfield>
    <subfield code="b">presentada por el Secretario de Hacienda al Congreso de la Uni&#xF3;n.</subfield>
  </datafield>
  <datafield tag="260" ind1=" " ind2=" ">
    <subfield code="a">M&#xE9;xico</subfield>
    <subfield code="b">Palacio Nacional</subfield>
    <subfield code="c">1912</subfield>
  </datafield>
  <datafield tag="300" ind1=" " ind2=" ">
    <subfield code="a">2 v.</subfield>
    <subfield code="b">Tablas</subfield>
    <subfield code="c">30 cm.</subfield>
  </datafield>
  <datafield tag="500" ind1=" " ind2=" ">
    <subfield code="a">Dos vol&#xFA;menes inventariados como un s&#xF3;lo libro por el Banco de M&#xE9;xico</subfield>
  </datafield>
  <datafield tag="500" ind1=" " ind2=" ">
    <subfield code="a">U120</subfield>
  </datafield>
  <datafield tag="650" ind1="1" ind2="4">
    <subfield code="a">Finanzas p&#xFA;blicas</subfield>
    <subfield code="v">Memoria</subfield>
    <subfield code="z">M&#xE9;xico</subfield>
    <subfield code="9">20474</subfield>
  </datafield>
  <datafield tag="651" ind1=" " ind2="4">
    <subfield code="a">M&#xE9;xico</subfield>
    <subfield code="x">Pol&#xED;tica econ&#xF3;mica</subfield>
    <subfield code="9">10395</subfield>
  </datafield>
  <datafield tag="710" ind1="2" ind2=" ">
    <subfield code="a">Palacio Nacional de Gobierno (Ciudad de M&#xE9;xico)</subfield>
    <subfield code="f">1910-1911</subfield>
    <subfield code="9">20475</subfield>
  </datafield>
  <datafield tag="902" ind1=" " ind2=" ">
    <subfield code="a">GFM</subfield>
  </datafield>
  <datafield tag="942" ind1=" " ind2=" ">
    <subfield code="2">lcc</subfield>
    <subfield code="c">B</subfield>
  </datafield>
  <datafield tag="999" ind1=" " ind2=" ">
    <subfield code="c">7881</subfield>
    <subfield code="d">7881</subfield>
  </datafield>
  <datafield tag="952" ind1=" " ind2=" ">
    <subfield code="0">0</subfield>
    <subfield code="1">0</subfield>
    <subfield code="4">0</subfield>
    <subfield code="7">0</subfield>
    <subfield code="a">BRCA</subfield>
    <subfield code="b">BRCA</subfield>
    <subfield code="d">2014-05-16</subfield>
    <subfield code="i">U120</subfield>
    <subfield code="l">0</subfield>
    <subfield code="o">HJ15 .M46 1911 (U120)</subfield>
    <subfield code="p">8837</subfield>
    <subfield code="r">2019-03-22 00:00:00</subfield>
    <subfield code="w">2019-03-22</subfield>
    <subfield code="y">B</subfield>
  </datafield>
</record>
